Ecological modernisation and renewable energy / (Record no. 33329)

000 -LEADER
fixed length control field 02015cam a22003734a 4500
001 - CONTROL NUMBER
control field 16611671
003 - CONTROL NUMBER IDENTIFIER
control field OSt
005 - DATE AND TIME OF LATEST TRANSACTION
control field 20211014105501.0
008 - FIXED-LENGTH DATA ELEMENTS--GENERAL INFORMATION
fixed length control field 110114s2011 enk b 001 0 eng
010 ## - LIBRARY OF CONGRESS CONTROL NUMBER
LC control number 2011002018
020 ## - INTERNATIONAL STANDARD BOOK NUMBER
International Standard Book Number 9780230224261 (hardback)
038 ## - RECORD CONTENT LICENSOR
Staff Name Khadija
040 ## - CATALOGING SOURCE
Original cataloging agency DLC
Transcribing agency DLC
050 00 - LIBRARY OF CONGRESS CALL NUMBER
Classification number TJ808
Item number .T65 2011
082 00 - DEWEY DECIMAL CLASSIFICATION NUMBER
Classification number 621.042
Edition number 22
Author Mark TOK
084 ## - OTHER CLASSIFICATION NUMBER
Classification number POL044000
-- POL033000
-- POL030000
Number source bisacsh
100 1# - MAIN ENTRY--PERSONAL NAME
Personal name Toke, David.
9 (RLIN) 83134
245 10 - TITLE STATEMENT
Title Ecological modernisation and renewable energy /
Statement of responsibility, etc. David Toke.
260 ## - PUBLICATION, DISTRIBUTION, ETC.
Place of publication, distribution, etc. Houndmills, Basingstoke, Hampshire ;
-- New York :
Name of publisher, distributor, etc. Palgrave Macmillan,
Date of publication, distribution, etc. 2011.
300 ## - PHYSICAL DESCRIPTION
Extent ix, 202 p. ;
Dimensions 23 cm.
504 ## - BIBLIOGRAPHY, ETC. NOTE
Bibliography, etc. note Includes bibliographical references and index.
505 8# - FORMATTED CONTENTS NOTE
Formatted contents note Machine generated contents note: -- Introduction -- Revising Ecological Modernisation Theory -- Renewable Energy: a new identity and a new industry -- California- The Growth of a Renewables Industry -- USA: Consolidation of a Renewables Industry? -- Germany, Spain, UK, Australia and China -- Conclusion.
520 ## - SUMMARY, ETC.
Summary, etc. "Develops a new theory of 'identity' ecological modernization (EM), to analyse renewable history and policy development in many of the world's states which are leading the drive to install renewable energy. 'Identity EM' concerns how an industry has arisen allied to environmental NGOs to challenge the ascendancy of conventional energy technologies"--
563 ## - BINDING INFORMATION
Binding note Hardcover
650 #0 - SUBJECT ADDED ENTRY--TOPICAL TERM
Topical term or geographic name entry element Renewable energy sources.
650 #0 - SUBJECT ADDED ENTRY--TOPICAL TERM
Topical term or geographic name entry element Energy development.
9 (RLIN) 83135
650 #0 - SUBJECT ADDED ENTRY--TOPICAL TERM
Topical term or geographic name entry element Energy policy.
9 (RLIN) 79577
650 #7 - SUBJECT ADDED ENTRY--TOPICAL TERM
Topical term or geographic name entry element POLITICAL SCIENCE / Public Policy / Environmental Policy
Source of heading or term bisacsh.
9 (RLIN) 83136
650 #7 - SUBJECT ADDED ENTRY--TOPICAL TERM
Topical term or geographic name entry element POLITICAL SCIENCE / Globalization
Source of heading or term bisacsh.
9 (RLIN) 51977
650 #7 - SUBJECT ADDED ENTRY--TOPICAL TERM
Topical term or geographic name entry element POLITICAL SCIENCE / Government / National
Source of heading or term bisacsh.
9 (RLIN) 8164
906 ## - LOCAL DATA ELEMENT F, LDF (RLIN)
a 7
b cbc
c orignew
d 1
e ecip
f 20
g y-gencatlg
942 ## - ADDED ENTRY ELEMENTS (KOHA)
Source of classification or shelving scheme
Koha item type Book
Holdings
Withdrawn status Lost status Source of classification or shelving scheme Damaged status Not for loan Permanent Location Current Location Shelving location Date acquired Full call number Barcode Date last seen Price effective from Koha item type
          School of Mechanical & Manufacturing Engineering (SMME) School of Mechanical & Manufacturing Engineering (SMME) General Stacks 02/16/2016 621.042 TOK SMME-2260 04/03/2018 02/16/2016 Book
© 2023 Central Library, National University of Sciences and Technology. All Rights Reserved.